000 00324nam a2200133Ia 4500
008 150201s2009 xx 000 0 und d
082 _a614
_bS09D
100 _aDALA,AJIT K.
245 _aSOCIAL DIAMEMSION OF HEALTH
250 _a1ST
260 _bRAWAT PUB.
_aDELHI
_c2009
650 _aCOMMUNITY MEDICINE
942 _2ddc
_cBK
999 _c1229
_d1229